[Event "CZE-ch Youth B16 2022"]
[Site "Luhacovice"]
[Date "2022.03.17"]
[Round "7.4"]
[White "Paseka, Matyas"]
[Black "Stejskal, Michal"]
[Result "1/2-1/2"]
[WhiteElo "2058"]
[BlackElo "1857"]
[Annotator "NA"]
[PlyCount "61"]
[EventDate "2022.03.12"]
[EventType "swiss"]
[EventCountry "CZE"]
[SourceTitle "playchess.com"]
[Source "ChessBase"]
[SourceQuality "1"]
[TimeControl "40/5400+30:1800+30"]

1. e4 {[%emt 0:00:03]} e6 {[%emt 0:00:13]} 2. d4 {[%emt 0:00:06]} d5 {[%emt 0:00:07]} 3. Nd2 {[%emt 0:00:06]} Nf6 {[%emt 0:00:11]} 4. e5 {[%emt 0:00:06]} Nfd7 {[%emt 0:00:07]} 5. Bd3 {[%emt 0:00:14]} c5 {[%emt 0:00:15]} 6. c3 {[%emt 0:00:05]} b6 {[%emt 0:00:30]} 7. Ne2 {[%emt 0:04:48]} Ba6 {[%emt 0:00:45]} 8. Bxa6 {[%emt 0:00:46]} Nxa6 {[%emt 0:00:06]} 9. a3 {[%emt 0:00:32]} Nc7 {[%emt 0:04:43]} 10. O-O {[%emt 0:01:12]} Be7 {[%emt 0:03:22]} 11. f4 {[%emt 0:02:28]} f5 $11 {[%emt 0:01:02]} 12. Nf3 {[%emt 0:20:14]} O-O {[%emt 0:02:36]} 13. Be3 {[%emt 0:01:15]} Qe8 {[%emt 0:05:10]} 14. h3 {[%emt 0:10:41]} h6 {[%emt 0:09:51]} 15. Qd2 {[%emt 0:07:52]} b5 {[%emt 0:04:34]} 16. Rfc1 {[%emt 0:11:13]} Nb6 {[%emt 0:10:08]} 17. b3 {[%emt 0:00:33]} c4 {[%emt 0:04:32]} 18. b4 {[%emt 0:00:59]} a5 {[%emt 0:00:47]} 19. Kf2 {[%emt 0:04:35]} axb4 {[%emt 0:04:12]} 20. axb4 {[%emt 0:00:08]} Ra4 {[%emt 0:02:19]} 21. Ne1 {[%emt 0:04:04]} g5 {[%emt 0:03:56]} 22. g3 {[%emt 0:03:09]} Qh5 {[%emt 0:00:50]} 23. Kg2 g4 24. h4 {[%emt 0:02:16]} Rfa8 {[%emt 0:07:42]} 25. Nc2 {[%emt 0:00:49]} R8a7 {[%emt 0:00:48]} 26. Bf2 {[%emt 0:01:05]} Qe8 {[%emt 0:00:15]} 27. Qd1 {[%emt 0:03:15]} Qa8 {[%emt 0:00:40]} 28. Be1 {[%emt 0:01:45]} Kf7 {[%emt 0:04:39]} 29. Kf2 {[%emt 0:01:47]} Ke8 {[%emt 0:01:02]} 30. Rcb1 {[%emt 0:00:30]} Kd7 {[%emt 0:01:52]} 31. Ke3 {[%emt 0:00:39]} 1/2-1/2

[Event "CZE-ch Youth B16 2022"]
[Site "Luhacovice"]
[Date "2022.03.17"]
[Round "7.5"]
[White "Janous, Marek"]
[Black "Jirasko, Miroslav"]
[Result "1-0"]
[WhiteElo "2056"]
[BlackElo "1933"]
[Annotator "ChessBase"]
[PlyCount "79"]
[EventDate "2022.03.12"]
[EventType "swiss"]
[EventCountry "CZE"]
[SourceTitle "playchess.com"]
[Source "ChessBase"]
[SourceQuality "1"]
[TimeControl "40/5400+30:1800+30"]

1. e4 {[%emt 0:00:08]} c5 {[%emt 0:00:15]} 2. Nf3 {[%emt 0:00:08]} d6 {[%emt 0:00:06]} 3. Bb5+ {[%emt 0:01:15]} Bd7 {[%emt 0:00:07]} 4. Bxd7+ {[%emt 0:00:05]} Nxd7 {[%emt 0:00:14]} 5. O-O {[%emt 0:00:46]} Ngf6 {[%emt 0:04:23]} 6. Qe2 {[%emt 0:12:02]} Rc8 {[%emt 0:00:26]} 7. Rd1 e6 8. d4 {[%emt 0:05:32]} cxd4 {[%emt 0:01:30]} 9. Nxd4 {[%emt 0:00:06]} a6 {[%emt 0:02:06]} 10. c4 {[%emt 0:14:12]} Be7 {[%emt 0:00:19]} 11. f3 {[%emt 0:00:55]} O-O {[%emt 0:19:52]} 12. Be3 {[%emt 0:01:18]} d5 {[%emt 0:05:18]} 13. Nd2 {[%emt 0:13:45]} dxe4 {[%emt 0:14:41]} 14. Nxe4 {[%emt 0:01:52]} Nxe4 {[%emt 0:02:08]} 15. fxe4 {[%emt 0:00:50]} Qc7 {[%emt 0:02:05]} 16. Rac1 {[%emt 0:01:27]} Bd6 {[%emt 0:02:23]} 17. Nf3 {[%emt 0:01:17]} Ne5 {[%emt 0:03:15]} 18. Nd4 {[%emt 0:08:47]} Ng6 {[%emt 0:12:31]} 19. g3 {[%emt 0:03:58]} Rce8 {[%emt 0:04:21]} 20. c5 {[%emt 0:02:31]} Bxg3 {[%emt 0:08:31]} 21. hxg3 {[%emt 0:03:16]} Qxg3+ {[%emt 0:00:07]} 22. Kf1 {[%emt 0:04:12]} f5 {[%emt 0:00:20]} 23. e5 {[%emt 0:01:33]} f4 {[%emt 0:00:59]} 24. Bf2 {[%emt 0:00:49]} Qh3+ {[%emt 0:00:16]} 25. Ke1 {[%emt 0:00:17]} f3 {[%emt 0:03:26]} 26. Qe4 {[%emt 0:08:23]} Rf4 {[%emt 0:01:02]} 27. Qe3 {[%emt 0:04:39]} Qg4 {[%emt 0:01:40]} 28. Kd2 {[%emt 0:00:47]} Re4 {[%emt 0:00:54]} 29. Rg1 {[%emt 0:01:52]} Rxe3 {[%emt 0:07:00]} 30. Rxg4 {[%emt 0:00:06]} Rxe5 {[%emt 0:00:56]} 31. Bg3 {[%emt 0:03:06]} Rd5 {[%emt 0:03:15]} 32. Ke3 {[%emt 0:00:42]} Ne7 {[%emt 0:01:24]} 33. Re4 {[%emt 0:03:11]} Nf5+ {[%emt 0:00:31]} 34. Nxf5 {[%emt 0:00:06]} Rxf5 {[%emt 0:00:03]} 35. Bd6 {[%emt 0:01:09]} g5 {[%emt 0:00:52]} 36. Rf1 {[%emt 0:00:21]} Kf7 {[%emt 0:00:39]} 37. Rxf3 {[%emt 0:00:38]} Kg6 {[%emt 0:00:20]} 38. Rxf5 {[%emt 0:00:05]} Kxf5 {[%emt 0:00:06]} 39. Rb4 {[%emt 0:01:12]} g4 {[%emt 0:00:39]} 40. Rxb7 {[%emt 0:00:06]} 1-0

[Event "CZE-ch Youth B16 2022"]
[Site "Luhacovice"]
[Date "2022.03.17"]
[Round "7.6"]
[White "Bezdek, Tomas"]
[Black "Vilimek, Vit"]
[Result "0-1"]
[WhiteElo "1855"]
[BlackElo "1794"]
[Annotator "NA"]
[PlyCount "60"]
[EventDate "2022.03.12"]
[EventType "swiss"]
[EventCountry "CZE"]
[SourceTitle "playchess.com"]
[Source "ChessBase"]
[SourceQuality "1"]
[TimeControl "40/5400+30:1800+30"]

1. e4 {[%emt 0:00:06]} c6 {[%emt 0:00:04]} 2. d4 {[%emt 0:01:04]} d5 {[%emt 0:02:39]} 3. Nc3 {[%emt 0:00:15]} dxe4 {[%emt 0:00:09]} 4. Nxe4 {[%emt 0:00:02]} Bf5 {[%emt 0:00:10]} 5. Ng3 {[%emt 0:00:13]} Bg6 {[%emt 0:00:07]} 6. Nf3 {[%emt 0:00:18]} e6 {[%emt 0:00:36]} 7. Bd3 {[%emt 0:02:14]} Bd6 {[%emt 0:00:51]} 8. Bg5 {[%emt 0:06:42]} Nf6 {[%emt 0:07:10]} 9. Qe2 {[%emt 0:17:14]} Nbd7 {[%emt 0:01:23]} (9... Bxd3 $11 {should be considered.} 10. Qxd3 Nbd7) 10. Bxg6 $14 {[%emt 0:02:21]} hxg6 {[%emt 0:00:33]} 11. Ne4 {[%emt 0:02:30]} Be7 {[%emt 0:05:56]} 12. Bxf6 {[%emt 0:00:54]} Nxf6 {[%emt 0:00:09]} 13. O-O {[%emt 0:08:51]} Qd5 {[%emt 0:04:33]} 14. Nxf6+ {[%emt 0:02:37]} gxf6 {[%emt 0:00:10]} 15. c4 {[%emt 0:10:05]} Qh5 {[%emt 0:05:20]} 16. d5 {[%emt 0:00:32]} g5 {[%emt 0:03:37]} 17. h3 {[%emt 0:10:35]} g4 {[%emt 0:07:22]} 18. Nd4 {[%emt 0:07:36]} gxh3 {[%emt 0:07:53]} 19. Qxh5 {[%emt 0:00:02]} Rxh5 {[%emt 0:00:09]} 20. dxc6 {[%emt 0:01:30]} hxg2 {[%emt 0:03:16]} 21. Kxg2 {[%emt 0:00:38]} bxc6 {[%emt 0:00:08]} 22. Nxc6 {[%emt 0:09:12]} Bc5 {[%emt 0:03:32]} 23. b4 {[%emt 0:00:34]} Kd7 {[%emt 0:01:12]} 24. b5 {[%emt 0:00:54]} Kc7 {[%emt 0:05:14]} 25. Kf3 {[%emt 0:14:38]} Rh4 {[%emt 0:06:01]} 26. Rac1 {[%emt 0:00:56]} Rah8 {[%emt 0:01:56]} 27. Rc2 {[%emt 0:00:39]} Rh2 {[%emt 0:05:04]} 28. Rg1 {[%emt 0:00:18]} R8h5 {[%emt 0:03:07]} 29. Rg7 {[%emt 0:00:43]} Rf5+ {[%emt 0:00:20]} 30. Kg3 {[%emt 0:00:27]} Bd6+ {[%emt 0:00:13]} 0-1

[Event "CZE-ch Youth B16 2022"]
[Site "Luhacovice"]
[Date "2022.03.17"]
[Round "7.7"]
[White "Vaclavik, Jan"]
[Black "Vasinek, Martin"]
[Result "1-0"]
[WhiteElo "1997"]
[BlackElo "1594"]
[Annotator "ChessBase"]
[PlyCount "73"]
[EventDate "2022.03.12"]
[EventType "swiss"]
[EventCountry "CZE"]
[SourceTitle "playchess.com"]
[Source "ChessBase"]
[SourceQuality "1"]
[TimeControl "40/5400+30:1800+30"]

1. e4 {[%emt 0:00:10]} c5 {[%emt 0:00:04]} 2. Nf3 {[%emt 0:00:05]} Nc6 {[%emt 0:00:04]} 3. d4 {[%emt 0:00:05]} cxd4 {[%emt 0:00:04]} 4. Nxd4 {[%emt 0:00:07]} g6 {[%emt 0:00:05]} 5. c4 {[%emt 0:00:06]} Bg7 {[%emt 0:00:07]} 6. Be3 {[%emt 0:00:18]} Nf6 {[%emt 0:00:30]} 7. Nc3 {[%emt 0:00:27]} O-O {[%emt 0:02:00]} 8. Be2 {[%emt 0:00:10]} e6 {[%emt 0:00:55]} 9. Nb3 {[%emt 0:15:51]} d6 {[%emt 0:13:24]} 10. O-O {[%emt 0:02:24]} Qe7 {[%emt 0:07:12]} 11. Qd2 {[%emt 0:06:11]} Rd8 {[%emt 0:02:22]} 12. Rad1 {[%emt 0:02:10]} b6 {[%emt 0:02:08]} 13. Bf4 {[%emt 0:05:41]} e5 {[%emt 0:01:44]} 14. Bg5 {[%emt 0:00:29]} Be6 {[%emt 0:07:40]} 15. Qe3 {[%emt 0:33:56]} Qf8 {[%emt 0:07:37]} 16. f4 {[%emt 0:05:36]} Rdc8 {[%emt 0:23:47]} 17. f5 {[%emt 0:03:20]} gxf5 {[%emt 0:03:20]} 18. exf5 {[%emt 0:00:12]} Bd7 {[%emt 0:00:39]} 19. Nd5 {[%emt 0:01:40]} Qd8 {[%emt 0:04:41]} 20. Nd2 {[%emt 0:06:17]} Nd4 {[%emt 0:01:57]} 21. Bxf6 {[%emt 0:00:31]} Bxf6 {[%emt 0:00:20]} 22. Ne4 {[%emt 0:00:12]} Bg7 {[%emt 0:04:02]} 23. f6 {[%emt 0:00:45]} Bf8 {[%emt 0:00:24]} 24. Bd3 {[%emt 0:02:25]} Bf5 {[%emt 0:03:06]} 25. Qg5+ {[%emt 0:01:27]} Bg6 {[%emt 0:00:13]} 26. Ne7+ {[%emt 0:02:12]} Bxe7 {[%emt 0:00:37]} 27. fxe7 {[%emt 0:00:07]} Qc7 {[%emt 0:00:14]} 28. Nf6+ {[%emt 0:00:11]} Kh8 {[%emt 0:00:25]} 29. Bxg6 {[%emt 0:01:02]} fxg6 {[%emt 0:00:18]} 30. Nd5 {[%emt 0:00:57]} Qc5 {[%emt 0:02:35]} 31. Qf6+ {[%emt 0:00:06]} Kg8 {[%emt 0:00:11]} 32. Qf7+ {[%emt 0:02:07]} Kh8 {[%emt 0:00:05]} 33. Kh1 {[%emt 0:00:41]} Qxc4 {[%emt 0:01:01]} 34. Qf8+ {[%emt 0:02:44]} Rxf8 {[%emt 0:00:28]} 35. Rxf8+ {[%emt 0:00:06]} Kg7 {[%emt 0:00:11]} 36. Rxa8 {[%emt 0:00:06]} Qe2 {[%emt 0:02:43]} 37. Ne3 {[%emt 0:00:08]} 1-0

[Event "CZE-ch Youth B16 2022"]
[Site "Luhacovice"]
[Date "2022.03.17"]
[Round "7.8"]
[White "Kubiczek, Michal"]
[Black "Dedek, Jan"]
[Result "1/2-1/2"]
[WhiteElo "1720"]
[BlackElo "1963"]
[Annotator "ChessBase"]
[PlyCount "80"]
[EventDate "2022.03.12"]
[EventType "swiss"]
[EventCountry "CZE"]
[SourceTitle "playchess.com"]
[Source "ChessBase"]
[SourceQuality "1"]
[TimeControl "40/5400+30:1800+30"]

1. d4 {[%emt 0:00:06]} d5 {[%emt 0:00:10]} 2. c4 {[%emt 0:00:08]} c6 {[%emt 0:00:39]} 3. Nf3 {[%emt 0:00:13]} Nf6 {[%emt 0:00:07]} 4. g3 {[%emt 0:00:29]} dxc4 {[%emt 0:00:36]} 5. Bg2 {[%emt 0:05:06]} b5 {[%emt 0:01:45]} 6. Ne5 {[%emt 0:03:11]} Bb7 {[%emt 0:00:18]} 7. a4 {[%emt 0:02:34]} a6 {[%emt 0:01:12]} 8. O-O {[%emt 0:00:52]} e6 {[%emt 0:03:03]} 9. b3 {[%emt 0:01:39]} cxb3 {[%emt 0:02:39]} 10. Bb2 {[%emt 0:00:34]} Be7 {[%emt 0:01:57]} 11. Nd2 {[%emt 0:01:27]} O-O {[%emt 0:12:39]} 12. Nxb3 {[%emt 0:02:26]} Nd5 {[%emt 0:01:52]} 13. Nc5 {[%emt 0:11:07]} Qc7 {[%emt 0:03:00]} 14. Qd2 {[%emt 0:06:32]} a5 {[%emt 0:19:31]} 15. e4 {[%emt 0:21:20]} Nb4 {[%emt 0:00:16]} 16. Rfd1 {[%emt 0:07:19]} Rd8 {[%emt 0:07:30]} 17. Qc3 {[%emt 0:04:54]} N8a6 {[%emt 0:05:54]} 18. Nxb7 {[%emt 0:10:14]} Qxb7 {[%emt 0:00:20]} 19. axb5 {[%emt 0:00:25]} Qxb5 {[%emt 0:02:48]} 20. Bf1 {[%emt 0:00:49]} Qb6 {[%emt 0:02:11]} 21. Nc4 {[%emt 0:01:39]} Qb8 {[%emt 0:01:46]} 22. Nxa5 {[%emt 0:03:21]} Bf6 {[%emt 0:04:08]} 23. e5 {[%emt 0:01:57]} Be7 {[%emt 0:00:01]} 24. Bg2 {[%emt 0:06:49]} Qb6 {[%emt 0:02:55]} 25. Nxc6 {[%emt 0:05:09]} Nxc6 {[%emt 0:00:13]} 26. Qxc6 {[%emt 0:00:16]} Qxb2 {[%emt 0:00:17]} 27. Rxa6 {[%emt 0:00:10]} Rxa6 {[%emt 0:00:30]} 28. Qxa6 {[%emt 0:00:02]} Rxd4 {[%emt 0:00:22]} 29. Qc8+ {[%emt 0:00:38]} Bf8 {[%emt 0:00:06]} 30. Rxd4 {[%emt 0:00:12]} Qxd4 {[%emt 0:00:06]} 31. Qb8 {[%emt 0:00:48]} g6 {[%emt 0:01:29]} 32. Bf1 {[%emt 0:02:28]} Kg7 {[%emt 0:00:15]} 33. Qb5 {[%emt 0:00:26]} Bc5 {[%emt 0:01:10]} 34. Qe2 {[%emt 0:00:06]} Qa1 {[%emt 0:01:55]} 35. Kg2 {[%emt 0:00:12]} h5 {[%emt 0:00:09]} 36. h4 {[%emt 0:01:17]} Qd4 {[%emt 0:00:34]} 37. Kg1 {[%emt 0:01:20]} Ba7 {[%emt 0:00:36]} 38. Kg2 {[%emt 0:00:26]} Bb8 {[%emt 0:00:14]} 39. f4 {[%emt 0:00:14]} Ba7 {[%emt 0:00:08]} 40. Kh3 {[%emt 0:00:31]} Qg1 {[%emt 0:07:52]} 1/2-1/2

[Event "CZE-ch Youth B16 2022"]
[Site "Luhacovice"]
[Date "2022.03.17"]
[Round "7.9"]
[White "Trojan, Matyas"]
[Black "Zezula, Jakub"]
[Result "0-1"]
[WhiteElo "1582"]
[BlackElo "1891"]
[Annotator "NA"]
[PlyCount "74"]
[EventDate "2022.03.12"]
[EventType "swiss"]
[EventCountry "CZE"]
[SourceTitle "playchess.com"]
[Source "ChessBase"]
[SourceQuality "1"]
[TimeControl "40/5400+30:1800+30"]

1. e4 e5 2. Nf3 Nc6 3. Bc4 Bc5 4. d3 Nf6 5. O-O O-O 6. c3 d5 7. exd5 Nxd5 8. a4 a5 9. Nbd2 Nb6 10. Bb5 Bd6 11. Re1 Bg4 12. h3 Bh5 13. Ne4 f6 14. Ng3 Bf7 15. Bxc6 bxc6 16. Nf5 Re8 17. N3h4 Bf8 18. Re3 Kh8 $17 19. Rg3 Qd7 20. Ne3 Rad8 21. Qf3 Qxd3 22. Qxc6 Qd6 23. Qxd6 Rxd6 24. Nf3 c5 25. Kf1 Red8 26. Ke2 Nc4 27. Rg4 Nxe3 28. Bxe3 h5 29. Re4 Bg6 30. Rh4 Rb6 31. Bc1 Kg8 32. g4 Bd3+ 33. Ke3 c4 34. g5 Bc5+ 35. Kd2 Bxf2 36. Rxh5 e4 37. gxf6 exf3 0-1

[Event "CZE-ch Youth B16 2022"]
[Site "Luhacovice"]
[Date "2022.03.17"]
[Round "7.10"]
[White "Pelc, Adam"]
[Black "Mametev, Artem"]
[Result "1/2-1/2"]
[WhiteElo "1811"]
[BlackElo "1848"]
[Annotator "NA"]
[PlyCount "95"]
[EventDate "2022.03.12"]
[EventType "swiss"]
[EventCountry "CZE"]
[SourceTitle "playchess.com"]
[Source "ChessBase"]
[SourceQuality "1"]
[TimeControl "40/5400+30:1800+30"]

1. e4 {[%emt 0:00:04]} c5 {[%emt 0:00:04]} 2. Nf3 {[%emt 0:00:17]} d6 {[%emt 0:00:03]} 3. d4 {[%emt 0:00:37]} cxd4 {[%emt 0:00:04]} 4. Nxd4 {[%emt 0:00:38]} Nf6 {[%emt 0:00:04]} 5. Nc3 {[%emt 0:00:29]} g6 {[%emt 0:00:03]} 6. Bc4 {[%emt 0:02:35]} Bg7 {[%emt 0:02:35]} 7. Be3 {[%emt 0:04:43]} Ng4 {[%emt 0:06:57]} 8. Bb5+ {[%emt 0:01:44]} Kf8 {[%emt 0:00:02]} 9. O-O {[%emt 0:00:27]} Nxe3 {[%emt 0:01:54]} 10. fxe3 {[%emt 0:00:08]} e6 {[%emt 0:06:05]} 11. Bc4 {[%emt 0:01:51]} Qe7 {[%emt 0:01:53] [#]} 12. Ndb5 {[%emt 0:00:59]} (12. Ncb5 $1 $16 {[%cal Rb5d6]} Kg8 13. Nxd6 Qxd6 {[#]} 14. Nxe6 $1) 12... Be5 {[%emt 0:01:14]} 13. Qf3 {[%emt 0:01:53]} Nc6 {[%emt 0:03:13]} 14. Rad1 {[%emt 0:02:04]} Bd7 {[%emt 0:07:02]} 15. Nxd6 {[%emt 0:08:37]} Bxd6 {[%emt 0:00:17]} 16. Rxd6 {[%emt 0:00:06]} Ne5 {[%emt 0:00:11]} 17. Qd1 {[%emt 0:00:06]} Kg7 {[%emt 0:14:00]} 18. Qd4 {[%emt 0:01:23]} f6 {[%emt 0:00:11] [#]} 19. Rd1 $14 {[%emt 0:01:24]} (19. Bb3 $1 $16) 19... Rhc8 {[%emt 0:04:25]} 20. Bb3 {[%emt 0:02:41]} Rc6 {[%emt 0:06:52]} 21. Nb5 {[%emt 0:22:31]} Rxd6 {[%emt 0:01:36]} 22. Qxd6 {[%emt 0:00:23]} Qxd6 {[%emt 0:12:15]} 23. Nxd6 {[%emt 0:00:09]} b6 {[%emt 0:09:03]} 24. Nc4 {[%emt 0:00:36]} Bc6 {[%emt 0:00:46]} 25. Nxe5 {[%emt 0:00:46]} fxe5 {[%emt 0:00:02]} 26. Rd6 {[%emt 0:09:28]} Bxe4 {[%emt 0:03:33]} 27. Rxe6 {[%emt 0:00:13]} Rd8 {[%emt 0:01:14]} 28. Rxe5 {[%emt 0:01:18]} Rd1+ {[%emt 0:00:42]} 29. Kf2 {[%emt 0:00:09]} Bxc2 {[%emt 0:00:41]} 30. Bxc2 {[%emt 0:09:13]} Rd2+ {[%emt 0:00:05]} 31. Kf3 {[%emt 0:00:17]} Kf6 {[%emt 0:00:45]} 32. Re8 {[%emt 0:02:03]} Rxc2 {[%emt 0:00:14]} 33. Ra8 {[%emt 0:00:09]} a5 {[%emt 0:01:42]} 34. b3 {[%emt 0:00:49]} Rxa2 {[%emt 0:00:43]} 35. Ra6 {[%emt 0:00:07]} Ke5 {[%emt 0:01:23]} 36. Rxb6 {[%emt 0:00:50]} a4 {[%emt 0:00:28]} 37. bxa4 {[%emt 0:00:37]} Rxa4 {[%emt 0:00:02]} 38. Rb5+ {[%emt 0:00:43]} Kf6 {[%emt 0:02:20]} 39. g4 {[%emt 0:00:12]} h6 {[%emt 0:05:02]} 40. h4 {[%emt 0:01:27]} Ra1 {[%emt 0:01:36]} 41. g5+ {[%emt 0:31:00]} hxg5 {[%emt 0:30:56]} 42. hxg5+ {[%emt 0:00:06]} Kf7 {[%emt 0:01:00]} 43. Kf4 {[%emt 0:00:40]} Rf1+ {[%emt 0:00:46]} 44. Ke4 {[%emt 0:00:21]} Rg1 {[%emt 0:00:36]} 45. Rb7+ {[%emt 0:04:11]} Ke6 {[%emt 0:00:48]} 46. Rb6+ {[%emt 0:00:08]} Kf7 {[%emt 0:00:17]} 47. Kf4 {[%emt 0:00:18]} Rf1+ {[%emt 0:00:28]} 48. Ke4 1/2-1/2

[Event "CZE-ch Youth B16 2022"]
[Site "Luhacovice"]
[Date "2022.03.17"]
[Round "7.11"]
[White "Simek, Viktor"]
[Black "Oborny, Stanislav"]
[Result "0-1"]
[WhiteElo "1527"]
[BlackElo "1674"]
[Annotator "NA RC"]
[PlyCount "146"]
[EventDate "2022.03.12"]
[EventType "swiss"]
[EventCountry "CZE"]
[SourceTitle "playchess.com"]
[Source "ChessBase"]
[SourceQuality "1"]
[TimeControl "40/5400+30:1800+30"]

1. e4 {[%emt 0:00:06]} e5 {[%emt 0:00:06]} 2. Nf3 {[%emt 0:00:18]} Nc6 {[%emt 0:00:06]} 3. c3 {[%emt 0:02:50]} Nf6 {[%emt 0:02:46]} 4. d4 {[%emt 0:00:15]} exd4 {[%emt 0:09:44]} 5. e5 {[%emt 0:05:48]} Nd5 {[%emt 0:01:36]} 6. cxd4 {[%emt 0:05:00]} d6 {[%emt 0:05:20]} 7. Qb3 {[%emt 0:10:42]} Nb6 {[%emt 0:06:08]} 8. Bb5 {[%emt 0:06:21]} Bd7 {[%emt 0:02:40]} 9. O-O {[%emt 0:02:40]} Be7 {[%emt 0:15:18]} 10. exd6 {[%emt 0:01:04]} cxd6 {[%emt 0:00:09]} 11. Re1 {[%emt 0:08:12]} O-O {[%emt 0:00:23]} 12. Bf4 {[%emt 0:05:47]} Be6 {[%emt 0:03:47]} 13. Qd3 {[%emt 0:02:46]} Nd5 {[%emt 0:02:44]} 14. Bg3 {[%emt 0:00:45]} Rc8 {[%emt 0:06:51]} 15. Nc3 {[%emt 0:02:51]} Bf6 {[%emt 0:02:20]} 16. Ne4 {[%emt 0:04:20]} Ncb4 {[%emt 0:04:06]} 17. Qd1 {[%emt 0:02:30]} Nc2 {[%emt 0:00:16]} 18. Bxd6 {[%emt 0:00:55]} Nxe1 {[%emt 0:03:57]} 19. Nxe1 {[%emt 0:04:24]} Be7 {[%emt 0:00:20]} 20. Be5 {[%emt 0:01:05]} Nf6 {[%emt 0:02:44]} 21. Bd3 {[%emt 0:01:31]} Nxe4 {[%emt 0:03:23]} 22. Bxe4 {[%emt 0:00:07]} Qd7 {[%emt 0:01:42]} 23. Qf3 {[%emt 0:07:28]} b6 {[%emt 0:04:48]} 24. Bb7 {[%emt 0:05:38]} Rc4 {[%emt 0:04:47]} 25. b3 {[%emt 0:01:14]} Rxd4 {[%emt 0:02:04]} 26. Bxd4 {[%emt 0:01:34]} Qxd4 {[%emt 0:00:06]} 27. Rd1 {[%emt 0:00:34]} Qb2 {[%emt 0:03:25]} 28. Bd5 {[%emt 0:02:24]} Qxa2 {[%emt 0:04:02]} 29. h3 {[%emt 0:06:55]} Bxd5 {[%emt 0:02:42]} 30. Qxd5 {[%emt 0:00:18]} h6 {[%emt 0:00:56]} 31. Qf3 {[%emt 0:04:10]} Re8 {[%emt 0:02:11]} 32. Qc6 {[%emt 0:01:23]} Rf8 {[%emt 0:00:26]} 33. Qf3 {[%emt 0:00:11]} Bf6 {[%emt 0:00:58]} 34. g3 {[%emt 0:00:56]} Rc8 {[%emt 0:01:08]} 35. Qb7 {[%emt 0:02:14]} Re8 {[%emt 0:00:19]} 36. Qc6 {[%emt 0:00:57]} Qe2 {[%emt 0:00:33]} 37. Rc1 {[%emt 0:00:37]} Re6 {[%emt 0:00:49]} 38. Qf3 {[%emt 0:01:30]} Qd2 {[%emt 0:01:16]} 39. Qd1 {[%emt 0:00:42]} Bg5 {[%emt 0:01:59]} 40. Rc8+ {[%emt 0:00:51]} Kh7 {[%emt 0:00:06]} 41. Qxd2 {[%emt 0:30:31]} Bxd2 {[%emt 0:30:01]} 42. Nf3 {[%emt 0:00:17]} Bb4 {[%emt 0:00:56]} 43. Nd4 {[%emt 0:00:00]} Re1+ {[%emt 0:00:00]} 44. Kg2 {[%emt 0:00:00]} Bc5 {[%emt 0:00:00]} 45. Nc6 {[%emt 0:00:00]} Re2 {[%emt 0:00:00]} 46. b4 {[%emt 0:00:00]} Rxf2+ {[%emt 0:00:00]} 47. Kg1 {[%emt 0:00:00]} Be3 {[%emt 0:00:00]} 48. Re8 {[%emt 0:00:00]} Rc2+ {[%emt 0:00:00]} 49. Rxe3 {[%emt 0:00:00]} Rxc6 {[%emt 0:00:00]} 50. Re7 {[%emt 0:00:00]} a5 {[%emt 0:00:00]} 51. bxa5 {[%emt 0:00:00]} bxa5 {[%emt 0:00:00]} 52. Rxf7 {[%emt 0:00:00]} Rc2 {[%emt 0:00:00]} 53. Ra7 {[%emt 0:00:00]} Ra2 {[%emt 0:00:00]} 54. Ra6 {[%emt 0:00:00]} a4 {[%emt 0:00:00]} 55. Kf1 {[%emt 0:00:00]} a3 {[%emt 0:00:00]} 56. h4 {[%emt 0:00:00]} h5 {[%emt 0:00:00]} 57. Ke1 {[%emt 0:00:00]} Kg8 {[%emt 0:00:00]} 58. Kd1 {[%emt 0:00:00]} Ra1+ {[%emt 0:00:00]} 59. Kc2 {[%emt 0:00:00]} a2 {[%emt 0:00:00]} 60. Kb2 {[%emt 0:00:00]} Rg1 {[%emt 0:00:00]} 61. Kxa2 {[%emt 0:00:00]} Rxg3 {[%emt 0:00:00]} 62. Ra5 {[%emt 0:00:00]} g6 {[%emt 0:00:00]} 63. Kb2 {[%emt 0:00:00]} Rg4 {[%emt 0:00:00]} 64. Ra6 {[%emt 0:00:00]} Kh7 {[%emt 0:00:00]} 65. Ra7+ {[%emt 0:00:00]} Kh6 {[%emt 0:00:00]} 66. Kc2 {[%emt 0:00:00]} Rxh4 {[%emt 0:00:00]} 67. Kd2 {[%emt 0:00:00]} Re4 {[%emt 0:00:00]} 68. Ra8 {[%emt 0:00:00]} h4 {[%emt 0:00:00]} 69. Kd3 {[%emt 0:00:00]} Re6 {[%emt 0:00:00]} 70. Ra5 {[%emt 0:00:00]} h3 {[%emt 0:00:00]} 71. Ra8 {[%emt 0:00:00]} Kg5 {[%emt 0:00:00]} 72. Ra5+ {[%emt 0:00:00]} Kg4 {[%emt 0:00:00]} 73. Ra4+ {[%emt 0:00:25]} Kg3 {[%emt 0:00:00]} 0-1

[Event "CZE-ch Youth B16 2022"]
[Site "Luhacovice"]
[Date "2022.03.17"]
[Round "7.12"]
[White "Mrazek, Roman"]
[Black "Zrubek, Adam"]
[Result "1/2-1/2"]
[WhiteElo "1820"]
[BlackElo "1661"]
[Annotator "NA"]
[PlyCount "67"]
[EventDate "2022.03.12"]
[EventType "swiss"]
[EventCountry "CZE"]
[SourceTitle "playchess.com"]
[Source "ChessBase"]
[SourceQuality "1"]
[TimeControl "40/5400+30:1800+30"]

1. e4 c5 2. Nf3 d6 3. Bb5+ Bd7 4. Bxd7+ Qxd7 5. c4 Nc6 6. d4 cxd4 7. Nxd4 Nf6 8. Nc3 g6 9. h3 Bg7 10. Be3 O-O 11. O-O Rac8 12. b3 Rfd8 13. Rc1 a6 14. Qd3 Nb4 15. Qe2 $14 Nc6 16. Rfd1 Qe8 17. Kh1 Nh5 18. Nd5 Nf6 19. Nb6 Rb8 20. Qc2 Nb4 21. Qd2 Nc6 22. f3 Ne5 23. b4 Ned7 24. Nd5 Nxd5 25. cxd5 Rdc8 26. Nb3 Ne5 27. Na5 Qd7 28. f4 b6 29. Rxc8+ Rxc8 30. Bxb6 Nc4 31. Nxc4 Rxc4 32. e5 dxe5 33. fxe5 Bxe5 34. Bc5 1/2-1/2

[Event "CZE-ch Youth B16 2022"]
[Site "Luhacovice"]
[Date "2022.03.18"]
[Round "8.1"]
[White "Hak, David"]
[Black "Smolik, Jachym"]
[Result "1-0"]
[WhiteElo "2132"]
[BlackElo "2277"]
[Annotator "ChessBase"]
[PlyCount "57"]
[EventDate "2022.03.12"]
[EventType "swiss"]
[EventCountry "CZE"]
[SourceTitle "playchess.com"]
[Source "ChessBase"]
[SourceQuality "1"]
[TimeControl "40/5400+30:1800+30"]

1. e4 c6 2. Nc3 d5 3. Nf3 dxe4 4. Nxe4 Nf6 5. Nxf6+ exf6 6. d4 Bd6 7. Bd3 O-O 8. O-O Bg4 9. Be3 Nd7 10. c4 Re8 11. h3 Bh5 12. Bf5 Nf8 13. d5 c5 14. b4 b6 15. bxc5 bxc5 16. Rb1 Nd7 17. Rb7 Nb6 18. Bxh7+ Kf8 19. Ng5 Qc8 20. Qxh5 Qxb7 21. Bf5 Nxc4 22. Qh8+ Ke7 23. Qxg7 Rf8 24. Ne4 Qxd5 25. Qxf6+ Ke8 26. Bg5 Rg8 27. Nxd6+ Qxd6 28. Re1+ Kf8 29. Bh6+ 1-0